Catálogo - Centro de Recursos para el Aprendizaje y la Investigación
Volver al Sitio - CRAI Biblioteca| 000 -CABECERA | |
|---|---|
| campo de control de longitud fija | 01885nam a2200337 4500 |
| 001 - NÚMERO DE CONTROL | |
| campo de control | 113568 |
| 003 - IDENTIFICADOR DEL NÚMERO DE CONTROL | |
| campo de control | DR-UNIBE |
| 005 - FECHA Y HORA DE LA ÚLTIMA TRANSACCIÓN | |
| campo de control | 20260508100501.0 |
| 008 - DATOS DE LONGITUD FIJA--INFORMACIÓN GENERAL | |
| campo de control de longitud fija | 250507b2009 sp ||||| |||| 00| 0 spa d |
| 020 ## - NÚMERO INTERNACIONAL ESTÁNDAR DEL LIBRO | |
| Número Internacional Estándar del Libro | 9788498765649 |
| 040 ## - FUENTE DE LA CATALOGACIÓN | |
| Centro catalogador/agencia de origen | BIBLIOTECA UNIBE |
| Centro/agencia transcriptor | BIBLIOTECA UNIBE |
| Lengua de catalogación | spa |
| Normas de descripción | rda |
| 041 ## - CÓDIGO DE LENGUA | |
| Código de lengua del texto/banda sonora o título independiente | spa |
| 082 ## - NÚMERO DE LA CLASIFICACIÓN DECIMAL DEWEY | |
| Número de edición | 22 |
| Número de clasificación | 341.43098 C749r |
| 111 10 - ENTRADA PRINCIPAL--NOMBRE DE CONGRESO/REUNIÓN | |
| Nombre de congreso/reunión o jurisdicción como elemento de entrada | Congreso de Ministros de Justicia de los Países Iberoamericanos. |
| Sede del congreso/Lugar de la reunión | Madrid, España, |
| Fecha del congreso/reunión | septiembre 2008 |
| 9 (RLIN) | 195003 |
| 245 10 - MENCIÓN DE TÍTULO | |
| Título | Reformas del Proceso penal y seguridad ciudadana en Iberoamericana / |
| Resto del título | coordinación y dirección: Jorge A. Obando |
| 250 ## - MENCIÓN DE EDICIÓN | |
| Mención de edición | Edición bilingüe español-portugués |
| 260 ## - PUBLICACIÓN, DISTRIBUCIÓN, ETC. | |
| Lugar de publicación, distribución, etc. | Valencia : |
| Nombre del editor, distribuidor, etc. | Editorial Tirant Lo Blanch, |
| Fecha de publicación, distribución, etc. | 2009 |
| 300 ## - DESCRIPCIÓN FÍSICA | |
| Extensión | 1260 páginas : |
| Dimensiones | 23 x 16 cm |
| 490 ## - MENCIÓN DE SERIE | |
| Mención de serie | Homenajes y Congresos |
| 500 ## - NOTA GENERAL | |
| Nota general | comentario de la obra en la contraportada |
| 505 ## - NOTA DE CONTENIDO CON FORMATO | |
| Nota de contenido con formato | Prólogo |<br/>Presentación |<br/>Introducción general |<br/>País: Argentina |<br/>País: Bolivia |<br/>País: Brasil |<br/>País: Chile |<br/>País: Colombia |<br/>País: Costa Rica |<br/>País Cuba |<br/>País: Ecuador |<br/>País: El Salvador |<br/>País: España |<br/>País: Guatemala |<br/>País: Honduras |<br/>País: México |<br/>País: NIcaragua |<br/>País: Panamá |<br/>País: Paraguay |<br/>País: Perú |<br/>País: Portugal |<br/>País: República Dominicana |<br/>País: Uruguay |<br/>País: Venezuela |
| 650 #7 - PUNTO DE ACCESO ADICIONAL DE MATERIA--TÉRMINO DE MATERIA | |
| Fuente del encabezamiento o término | lemb |
| Término de materia o nombre geográfico como elemento de entrada | Derecho procesal penal |
| Subdivisión geográfica | Iberoamerica |
| 9 (RLIN) | 204608 |
| 700 10 - PUNTO DE ACCESO ADICIONAL--NOMBRE DE PERSONA | |
| Nombre de persona | Obando, Jorge A. |
| 9 (RLIN) | 194996 |
| Término indicativo de función/relación | director de reporte |
| -- | coordinador de reporte |
| 700 10 - PUNTO DE ACCESO ADICIONAL--NOMBRE DE PERSONA | |
| Nombre de persona | Mora Mora, Luis Paulino |
| 9 (RLIN) | 181445 |
| Término indicativo de función/relación | supervisor |
| -- | revisión |
| 700 10 - PUNTO DE ACCESO ADICIONAL--NOMBRE DE PERSONA | |
| Nombre de persona | Moreno Catena, Víctor |
| 9 (RLIN) | 194998 |
| Término indicativo de función/relación | supervisión |
| -- | revisión |
| 700 10 - PUNTO DE ACCESO ADICIONAL--NOMBRE DE PERSONA | |
| Nombre de persona | Tijerino Pacheco, José María, |
| Fechas asociadas al nombre | 1947- |
| 9 (RLIN) | 149249 |
| Término indicativo de función/relación | consultor |
| 700 10 - PUNTO DE ACCESO ADICIONAL--NOMBRE DE PERSONA | |
| Nombre de persona | Houed Vega, Mario A |
| 9 (RLIN) | 194371 |
| Término indicativo de función/relación | consultor |
| 700 #0 - PUNTO DE ACCESO ADICIONAL--NOMBRE DE PERSONA | |
| Nombre de persona | Campos Calderón, J. Federico |
| 9 (RLIN) | 194007 |
| Término indicativo de función/relación | consultor |
| 700 10 - PUNTO DE ACCESO ADICIONAL--NOMBRE DE PERSONA | |
| Nombre de persona | Mora Lizano, Luis Paulino |
| 9 (RLIN) | 195001 |
| Término indicativo de función/relación | consultor |
| 942 ## - ELEMENTOS DE PUNTO DE ACCESO ADICIONAL (KOHA) | |
| Fuente del sistema de clasificación o colocación | Sistema de Clasificación Decimal Dewey |
| Tipo de ítem Koha | Libro (general) |
| Estado de retiro | Estado de pérdida | Fuente del sistema de clasificación o colocación | No para préstamo | Código de colección | Localización permanente | Fecha de adquisición | Total de préstamos | Signatura topográfica completa | Código de barras | Fecha visto por última vez | Número de copia | Precio válido a partir de | Tipo de ítem Koha |
|---|---|---|---|---|---|---|---|---|---|---|---|---|---|
| Disponible | Sistema de Clasificación Decimal Dewey | General | Biblioteca Central UNIBE | 08/04/2025 | 341.43098 C749r | 250404 | 07/05/2025 | Ej. 1 | 07/05/2025 | Libro (general) |